Výchova k myšlení v evropských a globálních souvislostech : příručka pro učitele základních škol, kteří se zajímají o to proč a jak zařazovat globální rozvojové vzdělávání do své výuky / Jana Stará
Record details
- ISBN: 978-80-86956-91-6
- Physical Description: 44 stran : ilustrace (převážně barevné) ; 30 cm
- Edition: 1. vydání
- Publisher: [Praha] : Národní institut pro další vzdělávání, 2016
Content descriptions
| General Note: | 220 výtisků |
| Bibliography, etc. Note: | Obsahuje bibliografii a bibliografické odkazy |
| Target Audience Note: | Určeno pro vzdělávací potřeby pedagogických pracovníků škol a školských zařízení |
Search for related items by subject
| Subject: | globální rozvojové vzdělávání předmětová didaktika základní školy |
| Genre: | metodické příručky |
Available copies
- 1 of 1 copy available at Common Catalog SPOK.
Holds
- 0 current holds with 1 total copy.
Show Only Available Copies
| Location | Call Number / Copy Notes | Barcode | Shelving Location | Status | Due Date |
|---|---|---|---|---|---|
| Varianty | GRV Met St | 4605400395 | Šafaříkova 17 - 5. patro, GRV | Available | - |
| LDR | 01706nam a2200421 i 4500 | ||
|---|---|---|---|
| 001 | 31102 | ||
| 003 | CZ-PrJAB | ||
| 005 | 20190223075652.0 | ||
| 007 | ta | ||
| 008 | 161122s2016 xr a e f 000 0 cze | ||
| 015 | . | ‡acnb002857304 | |
| 020 | . | ‡a978-80-86956-91-6 ‡q(brožováno) | |
| 035 | . | ‡a(CZ PrSKC)nkc20162857304 | |
| 040 | . | ‡aOLA001 ‡bcze ‡erda | |
| 072 | 7. | ‡a37 ‡xVýchova a vzdělávání ‡2Konspekt ‡922 | |
| 080 | . | ‡a37.0-027.511 ‡2MRF | |
| 080 | . | ‡a373.3 ‡2MRF | |
| 080 | . | ‡a37.016.026 ‡2MRF | |
| 080 | . | ‡a(072) ‡2MRF | |
| 100 | 1 | . | ‡aStará, Jana, ‡d1967- ‡7mzk2005266023 ‡4aut |
| 245 | 1 | 0. | ‡aVýchova k myšlení v evropských a globálních souvislostech : ‡bpříručka pro učitele základních škol, kteří se zajímají o to proč a jak zařazovat globální rozvojové vzdělávání do své výuky / ‡cJana Stará |
| 250 | . | ‡a1. vydání | |
| 264 | 1. | ‡a[Praha] : ‡bNárodní institut pro další vzdělávání, ‡c2016 | |
| 300 | . | ‡a44 stran : ‡bilustrace (převážně barevné) ; ‡c30 cm | |
| 336 | . | ‡atext ‡btxt ‡2rdacontent | |
| 337 | . | ‡abez média ‡bn ‡2rdamedia | |
| 338 | . | ‡asvazek ‡bnc ‡2rdacarrier | |
| 500 | . | ‡a220 výtisků | |
| 504 | . | ‡aObsahuje bibliografii a bibliografické odkazy | |
| 521 | 8 | . | ‡aUrčeno pro vzdělávací potřeby pedagogických pracovníků škol a školských zařízení |
| 650 | 0 | 7. | ‡aglobální rozvojové vzdělávání ‡7ph265647 ‡2czenas |
| 650 | 0 | 7. | ‡apředmětová didaktika ‡7ph162893 ‡2czenas |
| 650 | 0 | 7. | ‡azákladní školy ‡7ph116795 ‡2czenas |
| 655 | 7. | ‡ametodické příručky ‡7fd132826 ‡2czenas | |
| 910 | . | ‡aABH006 | |
| 901 | . | ‡a31102 ‡b ‡c31102 ‡tbiblio | |